A student'sgrammar of the English grammar / Sidney Greenbaum, Randolph Quirk ; Lê Tấn Thi giới thiệu và chú giải.

Na minha lista:
Detalhes bibliográficos
Formato: Livro
Publicado em: Giao thông vận tải 2003
Tags: Adicionar Tag
Sem tags, seja o primeiro a adicionar uma tag!
Thư viện lưu trữ: Mạng thư viện Đại học Đà Nẵng
LEADER 00561nam a22001811a 4500
001 000035678
003 11966
005 20160318111213.0
008 160318s2003 000
082 |a 425  |b GR-S 
245 |a A student'sgrammar of the English grammar / Sidney Greenbaum, Randolph Quirk ; Lê Tấn Thi giới thiệu và chú giải.  |c Greenbaum, Sidney 
260 |a Giao thông vận tải  |c 2003 
OWN |a LNN 
999 |a From the UDN01 
TYP |a Monograph 
980 |a Mạng thư viện Đại học Đà Nẵng